000 00309nam a2200121Ia 4500
008 220204s9999 xx 000 0 und d
082 _a632.952
_bHOR
100 _aHORSFALL, James G
245 0 _aFungicides and their action.
260 _aU S A
_bChronica Botanica
_c1945
650 _aFungicides
942 _cBK
999 _c19345
_d19345